A házasság megszűnése és jogkövetkezményei

Elmentve itt :
Bibliográfiai részletek
Szerző: Korsós Edina Imola
További közreműködők: Tóthné Dr. Fábián Eszter (Témavezető)
Dokumentumtípus: Szakdolgozat
Megjelent: 2004
Tárgyszavak:
Online Access:http://diploma.bibl.u-szeged.hu/28915
LEADER 00587nta a2200157 i 4500
001 dipl28915
005 20130314085945.0
008 110711s2004 hu om 0|| zxx d
040 |a SZTE Diploma Repozitórium  |b hun 
041 |a zxx 
100 1 |a Korsós Edina Imola 
245 1 2 |a A házasság megszűnése és jogkövetkezményei  |h [elektronikus dokumentum] /  |c Edina Imola Korsós 
260 |c 2004 
650 4 |a Jogi és igazgatási tanulmányok 
700 2 |a Tóthné Dr. Fábián Eszter  |e ths 
856 4 0 |u http://diploma.bibl.u-szeged.hu/id/eprint/28915/1/2004_korsos_edina_imola.pdf  |z Dokumentum-elérés